000 00316nam a2200145Ia 4500
008 180921t xxu||||| |||| 00| 0 eng d
041 _aeng
080 _a663.5
_bWIL
245 _aWild turkey
300 _a8p., 10 cm
650 _aBourbon
942 _cBK
999 _c18651
_d18651
003 LK-CoDNM
040 _aLK-CoDNM
_dLK-CoDNM
_eLK-CoDNM